[Event "Grand Swiss "]
[Date "2025.09.09"]
[White "Cheparinov, Ivan"]
[Black "Sevian, Samuel"]
[WhiteElo "2627"]
[BlackElo "2692"]
[Round "6.6.18"]
[Result "1/2-1/2"]

1. c4 {[%clk 01:40:56] [%emt 00:00:03]} Nf6 {[%clk 01:39:16] [%emt 00:01:45]} 2.
Nc3 {[%clk 01:41:18] [%emt 00:00:08]} e5 {[%clk 01:36:07] [%emt 00:03:39]} 3.
Nf3 {[%clk 01:39:34] [%emt 00:02:14]} Nc6 {[%clk 01:34:46] [%emt 00:01:52]} 4.
g3 {[%clk 01:39:19] [%emt 00:00:43]} d5 {[%clk 01:33:15] [%emt 00:02:01]} 5.
cxd5 {[%clk 01:38:04] [%emt 00:01:46]} Nxd5 {[%clk 01:33:41] [%emt 00:00:04]} 6.
Bg2 {[%clk 01:38:29] [%emt 00:00:05]} Nb6 {[%clk 01:29:17] [%emt 00:04:55]} 7.
O-O {[%clk 01:38:31] [%emt 00:00:26]} Be7 {[%clk 01:29:45] [%emt 00:00:03]} 8.
d3 {[%clk 01:37:32] [%emt 00:01:28]} O-O {[%clk 01:30:04] [%emt 00:00:11]} 9.
Be3 {[%clk 01:37:53] [%emt 00:00:09]} Re8 {[%clk 01:16:33] [%emt 00:14:02]} 10.
a3 {[%clk 01:35:35] [%emt 00:02:48]} Bf8 {[%clk 01:12:55] [%emt 00:04:07]} 11.
Bg5 {[%clk 01:34:21] [%emt 00:01:44]} Be7 {[%clk 01:10:26] [%emt 00:03:00]} 12.
Bxe7 {[%clk 01:30:27] [%emt 00:04:23]} Rxe7 {[%clk 01:10:50] [%emt 00:00:06]}
13. Ne4 {[%clk 01:25:23] [%emt 00:05:34]} Nd4 {[%clk 01:10:46] [%emt 00:00:34]}
14. Nxd4 {[%clk 01:23:39] [%emt 00:02:14]} exd4 {[%clk 01:08:47] [%emt
00:02:29]} 15. Qc2 {[%clk 01:21:29] [%emt 00:02:40]} Bg4 {[%clk 00:48:39] [%emt
00:20:38]} 16. Rfe1 {[%clk 01:18:32] [%emt 00:03:27]} c6 {[%clk 00:47:03] [%emt
00:02:06]} 17. Qc5 {[%clk 01:16:11] [%emt 00:02:52]} Rd7 {[%clk 00:45:12] [%emt
00:02:21]} 18. h3 {[%clk 01:07:47] [%emt 00:08:53]} Be6 {[%clk 00:45:16] [%emt
00:00:26]} 19. b4 {[%clk 01:05:12] [%emt 00:03:05]} Bb3 {[%clk 00:42:05] [%emt
00:03:41]} 20. h4 {[%clk 00:52:16] [%emt 00:13:26]} Na4 {[%clk 00:40:09] [%emt
00:02:27]} 21. Qh5 {[%clk 00:48:02] [%emt 00:04:43]} h6 {[%clk 00:30:27] [%emt
00:10:12]} 22. Rac1 {[%clk 00:41:52] [%emt 00:06:40]} Rd5 {[%clk 00:28:38] [%emt
00:02:19]} 23. Qf3 {[%clk 00:42:00] [%emt 00:00:22]} Rb5 {[%clk 00:28:15] [%emt
00:00:53]} 24. Qf4 {[%clk 00:40:01] [%emt 00:02:27]} g5 {[%clk 00:18:46] [%emt
00:10:01]} 25. Qd6 {[%clk 00:31:52] [%emt 00:08:39]} Kg7 {[%clk 00:18:37] [%emt
00:00:38]} 26. hxg5 {[%clk 00:31:26] [%emt 00:00:56]} hxg5 {[%clk 00:19:00]
[%emt 00:00:07]} 27. e3 {[%clk 00:24:50] [%emt 00:07:06]} Rd5 {[%clk 00:15:49]
[%emt 00:03:41]} 28. Qxd8 {[%clk 00:25:15] [%emt 00:00:05]} Rdxd8 {[%clk
00:16:13] [%emt 00:00:06]} 29. Nxg5 {[%clk 00:24:10] [%emt 00:01:34]} a5 {[%clk
00:12:34] [%emt 00:04:10]} 30. Nf3 {[%clk 00:18:43] [%emt 00:05:57]} dxe3 {[%clk
00:12:22] [%emt 00:00:42]} 31. Rxe3 {[%clk 00:19:09] [%emt 00:00:04]} axb4
{[%clk 00:12:48] [%emt 00:00:05]} 32. axb4 {[%clk 00:19:34] [%emt 00:00:04]} Nb6
{[%clk 00:12:53] [%emt 00:00:25]} 33. Nd2 {[%clk 00:18:32] [%emt 00:01:32]} Be6
{[%clk 00:12:37] [%emt 00:00:46]} 34. Nc4 {[%clk 00:15:55] [%emt 00:03:07]} Nxc4
{[%clk 00:12:36] [%emt 00:00:32]} 35. dxc4 {[%clk 00:16:21] [%emt 00:00:03]} Ra4
{[%clk 00:12:54] [%emt 00:00:12]} 36. b5 {[%clk 00:16:20] [%emt 00:00:31]} Rxc4
{[%clk 00:13:14] [%emt 00:00:10]} 37. Rxc4 {[%clk 00:16:44] [%emt 00:00:06]}
Bxc4 {[%clk 00:13:32] [%emt 00:00:12]} 38. bxc6 {[%clk 00:17:06] [%emt
00:00:08]} Rd1+ {[%clk 00:13:58] [%emt 00:00:04]} 39. Kh2 {[%clk 00:17:33] [%emt
00:00:02]} bxc6 {[%clk 00:14:22] [%emt 00:00:06]} 40. Bxc6 {[%clk 00:17:59]
[%emt 00:00:05]} Bd5 {[%clk 00:14:48] [%emt 00:00:05]} 1/2-1/2

[Site "Europe Echecs"]

[Event "Grand Swiss "]
[Date "2025.09.09"]
[White "Van Foreest, Jorden"]
[Black "Ivanchuk, Vasyl"]
[WhiteElo "2692"]
[BlackElo "2608"]
[Round "6.6.19"]
[Result "1-0"]

1. e4 {[%clk 01:40:55] [%emt 00:00:04]} c5 {[%clk 01:40:47] [%emt 00:00:14]} 2.
Nf3 {[%clk 01:41:16] [%emt 00:00:08]} d6 {[%clk 01:41:13] [%emt 00:00:04]} 3. d4
{[%clk 01:41:34] [%emt 00:00:12]} cxd4 {[%clk 01:41:40] [%emt 00:00:04]} 4. Nxd4
{[%clk 01:41:53] [%emt 00:00:11]} Nf6 {[%clk 01:42:04] [%emt 00:00:06]} 5. Nc3
{[%clk 01:42:14] [%emt 00:00:09]} a6 {[%clk 01:42:30] [%emt 00:00:04]} 6. h3
{[%clk 01:39:58] [%emt 00:02:45]} e5 {[%clk 01:42:08] [%emt 00:00:53]} 7. Nb3
{[%clk 01:39:58] [%emt 00:00:30]} Be6 {[%clk 01:41:46] [%emt 00:00:50]} 8. f4
{[%clk 01:39:33] [%emt 00:00:57]} g6 {[%clk 01:42:05] [%emt 00:00:12]} 9. Be2
{[%clk 01:38:56] [%emt 00:01:07]} Nbd7 {[%clk 01:39:54] [%emt 00:02:41]} 10. g4
{[%clk 01:38:42] [%emt 00:00:44]} Rc8 {[%clk 01:22:21] [%emt 00:18:03]} 11. f5
{[%clk 01:31:14] [%emt 00:07:58]} Bxb3 {[%clk 01:18:43] [%emt 00:04:08]} 12.
axb3 {[%clk 01:29:53] [%emt 00:01:51]} d5 {[%clk 00:45:53] [%emt 00:33:21]} 13.
exd5 {[%clk 01:07:10] [%emt 00:23:13]} Bb4 {[%clk 00:33:44] [%emt 00:12:39]} 14.
O-O {[%clk 01:00:11] [%emt 00:07:29]} Bxc3 {[%clk 00:34:01] [%emt 00:00:13]} 15.
bxc3 {[%clk 01:00:23] [%emt 00:00:18]} Rxc3 {[%clk 00:34:30]} 16. Bf3 {[%clk
00:25:20] [%emt 00:35:33]} gxf5 {[%clk 00:21:25] [%emt 00:13:35]} 17. Bd2 {[%clk
00:23:23] [%emt 00:02:28]} Rc5 {[%clk 00:11:29] [%emt 00:10:25]} 18. c4 {[%clk
00:21:03] [%emt 00:02:49]} Rg8 {[%clk 00:05:16] [%emt 00:06:43]} 19. g5 {[%clk
00:13:39] [%emt 00:07:54]} f4 {[%clk 00:04:59] [%emt 00:00:46]} 20. Kh2 {[%clk
00:14:02] [%emt 00:00:09]} Rxg5 {[%clk 00:05:09] [%emt 00:00:20]} 21. Qe2 {[%clk
00:14:28] [%emt 00:00:04]} Kf8 {[%clk 00:02:48] [%emt 00:02:50]} 22. b4 {[%clk
00:14:52] [%emt 00:00:06]} Rc8 {[%clk 00:03:02] [%emt 00:00:16]} 23. c5 {[%clk
00:09:29] [%emt 00:05:53]} e4 {[%clk 00:03:31] [%emt 00:00:01]} 24. Bxe4 {[%clk
00:09:13] [%emt 00:00:47]} Re5 {[%clk 00:01:34] [%emt 00:02:26]} 25. Rxf4 {[%clk
00:05:37] [%emt 00:04:07]} Qe7 {[%clk 00:01:27] [%emt 00:00:37]} 26. d6 {[%clk
00:05:25] [%emt 00:00:41]} Qe6 {[%clk 00:01:55] [%emt 00:00:02]} 27. Re1 {[%clk
00:05:49] [%emt 00:00:07]} Re8 {[%clk 00:01:19] [%emt 00:01:06]} 28. Qg2 {[%clk
00:05:19] [%emt 00:01:00]} Nxe4 {[%clk 00:00:47] [%emt 00:01:03]} 29. Rfxe4
{[%clk 00:04:14] [%emt 00:01:35]} Rxe4 {[%clk 00:00:37] [%emt 00:00:40]} 30.
Rxe4 {[%clk 00:04:38] [%emt 00:00:06]} Ne5 {[%clk 00:00:41] [%emt 00:00:27]} 31.
Bf4 {[%clk 00:03:28] [%emt 00:01:39]} f6 {[%clk 00:00:31] [%emt 00:00:40]} 32.
Bh6+ {[%clk 00:03:52] [%emt 00:00:06]} 1-0

[Site "Europe Echecs"]

[Event "Grand Swiss "]
[Date "2025.09.09"]
[White "Yu, Yangyi"]
[Black "Samunenkov, Ihor"]
[WhiteElo "2714"]
[BlackElo "2550"]
[Round "6.6.21"]
[Result "1-0"]

1. d4 {[%clk 01:40:54] [%emt 00:00:05]} d5 {[%clk 01:40:53] [%emt 00:00:07]} 2.
c4 {[%clk 01:41:13] [%emt 00:00:12]} c6 {[%clk 01:41:15] [%emt 00:00:08]} 3. Nf3
{[%clk 01:41:02] [%emt 00:00:40]} Nf6 {[%clk 01:41:36] [%emt 00:00:10]} 4. Nc3
{[%clk 01:39:55] [%emt 00:01:37]} dxc4 {[%clk 01:41:57] [%emt 00:00:09]} 5. a4
{[%clk 01:39:54] [%emt 00:00:30]} Bf5 {[%clk 01:42:15] [%emt 00:00:12]} 6. Ne5
{[%clk 01:39:23] [%emt 00:01:02]} e6 {[%clk 01:42:17] [%emt 00:00:27]} 7. f3
{[%clk 01:28:06] [%emt 00:11:47]} Bb4 {[%clk 01:42:03] [%emt 00:00:43]} 8. Nxc4
{[%clk 01:24:06] [%emt 00:04:30]} c5 {[%clk 01:38:17] [%emt 00:04:15]} 9. dxc5
{[%clk 01:23:37] [%emt 00:01:00]} Qxd1+ {[%clk 01:38:23] [%emt 00:00:24]} 10.
Kxd1 {[%clk 01:24:01] [%emt 00:00:06]} Nc6 {[%clk 01:34:55] [%emt 00:03:57]} 11.
e4 {[%clk 01:09:31] [%emt 00:15:01]} O-O-O+ {[%clk 00:59:56] [%emt 00:35:29]}
12. Nd6+ {[%clk 01:07:28] [%emt 00:02:33]} Kb8 {[%clk 00:59:23] [%emt 00:01:02]}
13. Be3 {[%clk 01:07:34] [%emt 00:00:23]} Bg6 {[%clk 00:57:38] [%emt 00:02:15]}
14. Bb5 {[%clk 01:03:56] [%emt 00:04:09]} Nd7 {[%clk 00:35:05] [%emt 00:23:03]}
15. Bxc6 {[%clk 00:58:23] [%emt 00:06:03]} bxc6 {[%clk 00:35:26] [%emt
00:00:08]} 16. Ke2 {[%clk 00:58:38] [%emt 00:00:15]} Bxc5 {[%clk 00:35:19] [%emt
00:00:38]} 17. Nc4 {[%clk 00:51:00] [%emt 00:08:08]} f6 {[%clk 00:25:59] [%emt
00:09:49]} 18. b4 {[%clk 00:44:16] [%emt 00:07:15]} Bxb4 {[%clk 00:22:17] [%emt
00:04:11]} 19. Rhb1 {[%clk 00:41:44] [%emt 00:03:02]} c5 {[%clk 00:22:37] [%emt
00:00:10]} 20. Na2 {[%clk 00:40:53] [%emt 00:01:20]} Ka8 {[%clk 00:20:32] [%emt
00:02:35]} 21. Nxb4 {[%clk 00:41:16] [%emt 00:00:07]} cxb4 {[%clk 00:20:55]
[%emt 00:00:07]} 22. Rxb4 {[%clk 00:41:38] [%emt 00:00:08]} Rb8 {[%clk 00:16:23]
[%emt 00:04:59]} 23. Rb5 {[%clk 00:39:29] [%emt 00:02:42]} Rhc8 {[%clk 00:13:45]
[%emt 00:03:07]} 24. Ra5 {[%clk 00:35:06] [%emt 00:04:54]} Rc7 {[%clk 00:14:00]
[%emt 00:00:15]} 25. Rc1 {[%clk 00:35:18] [%emt 00:00:18]} Rbb7 {[%clk 00:10:17]
[%emt 00:04:13]} 26. Nd6 {[%clk 00:24:45] [%emt 00:11:04]} Rxc1 {[%clk 00:10:35]
[%emt 00:00:11]} 27. Nxb7 {[%clk 00:23:50] [%emt 00:01:25]} Rc2+ {[%clk
00:10:13] [%emt 00:00:52]} 28. Kd1 {[%clk 00:23:37] [%emt 00:00:43]} Rc7 {[%clk
00:09:12] [%emt 00:01:30]} 29. Nd8 {[%clk 00:13:38] [%emt 00:10:30]} Nf8 {[%clk
00:05:56] [%emt 00:03:45]} 30. Ke1 {[%clk 00:13:57] [%emt 00:00:12]} e5 {[%clk
00:05:44] [%emt 00:00:42]} 31. Bc5 {[%clk 00:13:13] [%emt 00:01:14]} Nd7 {[%clk
00:05:55] [%emt 00:00:18]} 32. Ne6 {[%clk 00:13:34] [%emt 00:00:09]} Rb7 {[%clk
00:06:19] [%emt 00:00:06]} 33. Be3 {[%clk 00:13:45] [%emt 00:00:19]} Nb8 {[%clk
00:04:26] [%emt 00:02:24]} 34. Rc5 {[%clk 00:13:05] [%emt 00:01:09]} Re7 {[%clk
00:03:15] [%emt 00:01:41]} 35. Rc7 {[%clk 00:08:25] [%emt 00:05:11]} Rxc7 {[%clk
00:03:36] [%emt 00:00:09]} 36. Nxc7+ {[%clk 00:08:53] [%emt 00:00:02]} Kb7
{[%clk 00:03:57] [%emt 00:00:10]} 37. Ne6 {[%clk 00:09:18] [%emt 00:00:05]} Be8
{[%clk 00:02:50] [%emt 00:01:37]} 38. Nxg7 {[%clk 00:09:33] [%emt 00:00:15]}
Bxa4 {[%clk 00:03:14] [%emt 00:00:06]} 39. Bc5 {[%clk 00:09:01] [%emt 00:01:03]}
Nd7 {[%clk 00:00:55] [%emt 00:02:48]} 40. Be7 {[%clk 00:09:27] [%emt 00:00:04]}
Kc6 {[%clk 00:00:32] [%emt 00:00:52]} 41. Ne8 {[%clk 00:06:43] [%emt 00:03:14]}
h5 {[%clk 00:33:16] [%emt 00:17:46]} 42. Nxf6 {[%clk 00:55:01] [%emt 00:02:12]}
Nxf6 {[%clk 00:33:39] [%emt 00:00:07]} 43. Bxf6 {[%clk 00:55:27] [%emt
00:00:04]} Kd6 {[%clk 00:34:01] [%emt 00:00:08]} 44. h4 {[%clk 00:46:29] [%emt
00:09:29]} Ke6 {[%clk 00:34:20] [%emt 00:00:10]} 45. Bd8 {[%clk 00:46:27] [%emt
00:00:31]} Be8 {[%clk 00:34:20] [%emt 00:00:31]} 46. Kf2 {[%clk 00:46:35] [%emt
00:00:22]} Bg6 {[%clk 00:34:44] [%emt 00:00:06]} 47. Ke3 {[%clk 00:47:01] [%emt
00:00:04]} a6 {[%clk 00:35:08] [%emt 00:00:06]} 48. Ba5 {[%clk 00:47:25] [%emt
00:00:06]} Bh7 {[%clk 00:35:32] [%emt 00:00:06]} 49. Bc3 {[%clk 00:47:50] [%emt
00:00:05]} Bg6 {[%clk 00:35:57] [%emt 00:00:05]} 50. g3 {[%clk 00:48:00] [%emt
00:00:20]} 1-0

[Site "Europe Echecs"]

[Event "Grand Swiss "]
[Date "2025.09.09"]
[White "Salem, A.R. Saleh"]
[Black "Sindarov, Javokhir"]
[WhiteElo "2640"]
[BlackElo "2722"]
[Round "6.6.22"]
[Result "1/2-1/2"]

1. d4 {[%clk 01:40:59]} d5 {[%clk 01:40:46] [%emt 00:00:15]} 2. c4 {[%clk
01:41:23] [%emt 00:00:06]} e6 {[%clk 01:41:08] [%emt 00:00:08]} 3. Nc3 {[%clk
01:41:45] [%emt 00:00:08]} c6 {[%clk 01:41:32] [%emt 00:00:07]} 4. Nf3 {[%clk
01:42:10] [%emt 00:00:04]} Nf6 {[%clk 01:41:57] [%emt 00:00:05]} 5. g3 {[%clk
01:42:30] [%emt 00:00:10]} Nbd7 {[%clk 01:41:12] [%emt 00:01:15]} 6. Bg2 {[%clk
01:42:36] [%emt 00:00:23]} dxc4 {[%clk 01:40:45] [%emt 00:00:59]} 7. a4 {[%clk
01:42:44] [%emt 00:00:19]} Be7 {[%clk 01:40:40] [%emt 00:00:38]} 8. O-O {[%clk
01:42:59] [%emt 00:00:15]} O-O {[%clk 01:41:02] [%emt 00:00:08]} 9. a5 {[%clk
01:43:18] [%emt 00:00:11]} b5 {[%clk 01:40:17] [%emt 00:01:16]} 10. axb6 {[%clk
01:43:41] [%emt 00:00:07]} Qxb6 {[%clk 01:40:42] [%emt 00:00:04]} 11. e4 {[%clk
01:43:28] [%emt 00:00:43]} a5 {[%clk 01:41:01] [%emt 00:00:11]} 12. Qe2 {[%clk
01:43:18] [%emt 00:00:39]} Ba6 {[%clk 01:40:43] [%emt 00:00:48]} 13. Rd1 {[%clk
01:43:36] [%emt 00:00:11]} Bb4 {[%clk 01:40:18] [%emt 00:00:56]} 14. Bf4 {[%clk
01:39:50] [%emt 00:04:15]} Rfe8 {[%clk 01:23:05] [%emt 00:17:43]} 15. Qc2 {[%clk
01:40:05] [%emt 00:00:15]} Rad8 {[%clk 01:18:18] [%emt 00:05:18]} 16. h3 {[%clk
01:33:37] [%emt 00:06:58]} h6 {[%clk 01:08:40] [%emt 00:10:07]} 17. g4 {[%clk
01:27:15] [%emt 00:06:53]} c5 {[%clk 01:02:17] [%emt 00:06:54]} 18. d5 {[%clk
01:27:22] [%emt 00:00:22]} exd5 {[%emt 00:06:46]} 19. exd5 {[%emt 00:01:58]} Bb7
{[%emt 00:08:09]} 20. Nd2 {[%clk 01:07:41] [%emt 00:05:45]} Qa6 {[%emt
00:11:17]} 21. Bc7 {[%emt 00:05:29]} Rc8 {[%clk 00:54:59] [%emt 00:03:41]} 22.
Bg3 {[%clk 00:55:27] [%emt 00:00:06]} Bxc3 {[%clk 00:31:53] [%emt 00:23:37]} 23.
Qxc3 {[%clk 00:53:54] [%emt 00:02:02]} Bxd5 {[%clk 00:31:22] [%emt 00:01:01]}
24. Bxd5 {[%clk 00:51:14] [%emt 00:03:09]} Nxd5 {[%clk 00:31:23] [%emt
00:00:29]} 25. Qxc4 {[%clk 00:51:20] [%emt 00:00:24]} Qe6 {[%clk 00:31:31] [%emt
00:00:20]} 26. Qf1 {[%clk 00:47:21] [%emt 00:04:30]} N7b6 {[%clk 00:28:11] [%emt
00:03:51]} 27. Rxa5 {[%clk 00:43:57] [%emt 00:03:55]} Nb4 {[%clk 00:28:19] [%emt
00:00:21]} 28. Rb5 {[%clk 00:32:51] [%emt 00:11:37]} Nc2 {[%clk 00:24:07] [%emt
00:04:41]} 29. Nf3 {[%clk 00:31:40] [%emt 00:01:40]} Nc4 {[%clk 00:21:37] [%emt
00:03:01]} 30. Rc1 {[%clk 00:15:19] [%emt 00:16:51]} Nd4 {[%clk 00:10:40] [%emt
00:11:27]} 31. Nxd4 {[%clk 00:15:43] [%emt 00:00:06]} cxd4 {[%clk 00:11:06]
[%emt 00:00:04]} 32. Rd1 {[%clk 00:16:07] [%emt 00:00:05]} Qc6 {[%clk 00:09:00]
[%emt 00:02:37]} 33. Rb3 {[%clk 00:12:50] [%emt 00:03:47]} Red8 {[%clk 00:09:17]
[%emt 00:00:13]} 34. Qe2 {[%clk 00:11:42] [%emt 00:01:38]} Qa8 {[%clk 00:05:40]
[%emt 00:04:08]} 35. Kh2 {[%clk 00:07:42] [%emt 00:04:30]} Qc6 {[%clk 00:01:42]
[%emt 00:04:28]} 36. Rb4 {[%clk 00:06:59] [%emt 00:01:13]} Re8 {[%clk 00:00:50]
[%emt 00:01:22]} 37. Qd3 {[%clk 00:01:57] [%emt 00:05:32]} Ne3 {[%clk 00:01:13]
[%emt 00:00:07]} 38. fxe3 {[%clk 00:02:26] [%emt 00:00:01]} Rxe3 {[%clk
00:01:36] [%emt 00:00:07]} 39. Qf1 {[%clk 00:02:27] [%emt 00:00:28]} Rxg3 {[%clk
00:00:35] [%emt 00:01:33]} 40. Kxg3 {[%clk 00:01:46] [%emt 00:01:10]} Qd6+
{[%emt 00:05:15]} 41. Qf4 {[%emt 00:00:07]} Qxb4 {[%emt 00:01:01]} 42. Qxd4
{[%emt 00:00:16]} Qb8+ {[%emt 00:01:04]} 43. Kg2 {[%emt 00:00:28]} Qb7+ {[%emt
00:02:33]} 44. Kg3 {[%emt 00:00:36]} Re8 {[%emt 00:07:01]} 45. Rf1 {[%emt
00:02:11]} Qb8+ {[%emt 00:01:37]} 46. Kg2 {[%emt 00:00:45]} Rd8 {[%emt
00:03:02]} 47. Qc3 {[%emt 00:02:17]} Qb7+ {[%emt 00:01:48]} 48. Kh2 {[%emt
00:03:24]} Rd5 {[%emt 00:00:54]} 49. Rf2 {[%emt 00:04:38]} Qd7 {[%emt 00:00:50]}
50. Qf3 {[%emt 00:00:57]} g6 {[%emt 00:09:59]} 51. Qg3 {[%emt 00:02:39]} h5
{[%emt 00:00:05]} 52. gxh5 {[%clk 00:23:05] [%emt 00:00:01]} Rxh5 {[%clk
00:38:09] [%emt 00:00:07]} 53. Qb8+ {[%clk 00:23:27] [%emt 00:00:08]} Kg7 {[%clk
00:38:30] [%emt 00:00:09]} 54. Qg3 {[%clk 00:23:52] [%emt 00:00:05]} Rd5 {[%clk
00:38:40] [%emt 00:00:20]} 55. Qc3+ {[%clk 00:22:14] [%emt 00:02:03]} Kg8 {[%clk
00:38:22] [%emt 00:00:53]} 56. Qg3 {[%clk 00:22:31] [%emt 00:00:12]} Qe7 {[%clk
00:36:05] [%emt 00:02:47]} 57. Qb8+ {[%clk 00:21:55] [%emt 00:01:06]} Kg7 {[%clk
00:36:04] [%emt 00:00:31]} 58. Qg3 {[%clk 00:21:54] [%emt 00:00:30]} Rc5 {[%clk
00:34:56] [%emt 00:01:38]} 59. Qf4 {[%clk 00:21:53] [%emt 00:00:32]} Re5 {[%clk
00:34:39] [%emt 00:00:48]} 60. Qd4 {[%clk 00:21:06] [%emt 00:01:16]} Kg8 {[%clk
00:34:42] [%emt 00:00:27]} 61. Rc2 {[%clk 00:19:28] [%emt 00:02:08]} Qe6 {[%clk
00:31:29] [%emt 00:03:42]} 62. Rd2 {[%clk 00:16:51] [%emt 00:03:08]} Re4 {[%clk
00:30:34] [%emt 00:01:24]} 63. Qc3 {[%clk 00:17:06] [%emt 00:00:16]} Qe7 {[%clk
00:28:04] [%emt 00:03:00]} 64. Rf2 {[%clk 00:11:11] [%emt 00:06:24]} Re3 {[%clk
00:27:46] [%emt 00:00:48]} 65. Qd4 {[%clk 00:11:25] [%emt 00:00:16]} Re1 {[%clk
00:20:07] [%emt 00:08:10]} 66. Rc2 {[%clk 00:08:10] [%emt 00:03:45]} Qb7 {[%clk
00:06:18] [%emt 00:14:16]} 67. Kg3 {[%clk 00:14:57] [%emt 00:08:45]} Re4 {[%clk
00:17:54] [%emt 00:03:52]} 68. Rc8+ {[%clk 00:09:02] [%emt 00:06:28]} Qxc8
{[%clk 00:17:55] [%emt 00:00:29]} 69. Qxe4 {[%clk 00:09:28] [%emt 00:00:04]}
Qb8+ {[%clk 00:18:20] [%emt 00:00:05]} 70. Qf4 {[%clk 00:09:54] [%emt 00:00:04]}
Qb3+ {[%clk 00:18:33] [%emt 00:00:16]} 71. Qf3 {[%clk 00:10:15] [%emt 00:00:10]}
Qxb2 {[%clk 00:18:57] [%emt 00:00:06]} 72. Qe3 {[%clk 00:09:41] [%emt 00:01:04]}
Kg7 {[%clk 00:19:15] [%emt 00:00:12]} 73. h4 {[%clk 00:09:17] [%emt 00:00:54]}
Qf6 {[%clk 00:19:21] [%emt 00:00:22]} 74. Qc5 {[%clk 00:08:56] [%emt 00:00:54]}
Kh7 {[%clk 00:17:52] [%emt 00:01:59]} 75. Qd5 {[%clk 00:07:51] [%emt 00:01:35]}
Kh6 {[%clk 00:16:32] [%emt 00:01:51]} 76. Qc5 {[%clk 00:07:17] [%emt 00:01:04]}
Kg7 {[%clk 00:15:51] [%emt 00:01:11]} 77. Qd5 {[%clk 00:06:28] [%emt 00:01:19]}
Qe6 {[%clk 00:15:00] [%emt 00:01:22]} 78. Qd4+ {[%clk 00:06:56] [%emt 00:00:02]}
Kh7 {[%clk 00:14:45] [%emt 00:00:45]} 79. Kg2 {[%clk 00:06:50] [%emt 00:00:33]}
f6 {[%clk 00:11:31] [%emt 00:03:47]} 80. Qf4 {[%clk 00:02:32] [%emt 00:04:46]}
Kg7 {[%clk 00:11:25] [%emt 00:00:37]} 81. Kf3 {[%clk 00:01:39] [%emt 00:01:24]}
Qd5+ {[%clk 00:11:39] [%emt 00:00:16]} 82. Kf2 {[%clk 00:02:06] [%emt 00:00:02]}
Qe5 {[%clk 00:12:02] [%emt 00:00:07]} 83. Qb4 {[%clk 00:01:34] [%emt 00:01:02]}
Kh6 {[%clk 00:12:00] [%emt 00:00:32]} 84. Qg4 {[%clk 00:01:30] [%emt 00:00:33]}
Qc5+ {[%clk 00:10:40] [%emt 00:01:51]} 85. Kg2 {[%clk 00:01:53] [%emt 00:00:08]}
Qc2+ {[%clk 00:10:49] [%emt 00:00:20]} 86. Kg3 {[%clk 00:02:11] [%emt 00:00:12]}
Qd3+ {[%clk 00:11:08] [%emt 00:00:11]} 87. Kg2 {[%clk 00:01:58] [%emt 00:00:43]}
Qd2+ {[%clk 00:11:17] [%emt 00:00:21]} 88. Kg3 {[%clk 00:01:42] [%emt 00:00:43]}
Qe1+ {[%clk 00:09:38] [%emt 00:02:10]} 89. Kg2 {[%clk 00:02:07] [%emt 00:00:06]}
Qe3 {[%clk 00:09:16] [%emt 00:00:53]} 90. Qd1 {[%clk 00:01:32] [%emt 00:01:05]}
Qe4+ {[%clk 00:04:49] [%emt 00:04:57]} 91. Kg3 {[%clk 00:02:00] [%emt 00:00:02]}
Qe5+ {[%clk 00:05:06] [%emt 00:00:14]} 92. Kg2 {[%clk 00:02:21] [%emt 00:00:08]}
Qe3 {[%clk 00:05:02] [%emt 00:00:34]} 93. Qg4 {[%clk 00:01:49] [%emt 00:01:02]}
Qd2+ {[%clk 00:02:16] [%emt 00:03:17]} 94. Kg3 {[%clk 00:02:17] [%emt 00:00:02]}
Qc1 {[%clk 00:01:13] [%emt 00:01:32]} 95. Kg2 {[%clk 00:02:28] [%emt 00:00:19]}
Qc7 {[%clk 00:01:38] [%emt 00:00:06]} 96. Qf3 {[%clk 00:02:30] [%emt 00:00:24]}
Qe5 {[%clk 00:01:52] [%emt 00:00:20]} 97. Qg4 {[%clk 00:02:11] [%emt 00:00:48]}
Qe3 {[%clk 00:01:50] [%emt 00:00:33]} 98. Qd1 {[%clk 00:01:52] [%emt 00:03:08]}
f5 {[%clk 00:04:10] [%emt 00:00:09]} 99. Kh2 {[%clk 00:02:21]} Qf4+ {[%clk
00:04:21] [%emt 00:00:20]} 100. Kh3 {[%clk 00:02:44] [%emt 00:00:06]} Qf2 {[%clk
00:04:49] [%emt 00:00:03]} 101. Qh5+ {[%clk 00:00:42] [%emt 00:02:31]} Kg7
{[%clk 00:05:07] [%emt 00:00:13]} 102. Qd1 {[%clk 00:00:58] [%emt 00:00:14]} Qf4
{[%clk 00:03:35] [%emt 00:02:02]} 103. Qd7+ {[%clk 00:01:03] [%emt 00:00:26]}
Kh6 {[%clk 00:03:50] [%emt 00:00:15]} 104. Qd1 {[%clk 00:01:28] [%emt 00:00:04]}
Qe3+ {[%clk 00:03:29] [%emt 00:00:52]} 105. Kg2 {[%clk 00:01:03] [%emt
00:00:54]} Qe4+ {[%clk 00:03:49] [%emt 00:00:10]} 106. Kh3 {[%clk 00:01:18]
[%emt 00:00:16]} f4 {[%clk 00:04:02] [%emt 00:00:17]} 107. Kh2 {[%clk 00:01:01]
[%emt 00:00:47]} Kg7 {[%clk 00:03:46] [%emt 00:00:46]} 108. Qd7+ {[%clk
00:01:09] [%emt 00:00:22]} Kf6 {[%clk 00:04:02] [%emt 00:00:15]} 109. Qd8+
{[%clk 00:00:46] [%emt 00:00:53]} Qe7 {[%clk 00:04:11] [%emt 00:00:20]} 110. Qd3
{[%clk 00:00:37] [%emt 00:00:40]} Qe3 {[%clk 00:03:13] [%emt 00:01:27]} 111.
Qd8+ {[%clk 00:00:37] [%emt 00:00:31]} Ke5 {[%clk 00:02:39] [%emt 00:01:04]}
112. Qg5+ {[%clk 00:00:42] [%emt 00:00:25]} Kd4 {[%clk 00:03:04] [%emt
00:00:05]} 113. Qxg6 {[%clk 00:00:45] [%emt 00:00:27]} f3 {[%clk 00:01:04] [%emt
00:02:31]} 114. Qd6+ {[%clk 00:01:05] [%emt 00:00:09]} Ke4 {[%clk 00:01:16]
[%emt 00:00:17]} 115. Qg6+ {[%clk 00:01:05] [%emt 00:00:31]} Ke5 {[%clk
00:01:08] [%emt 00:00:35]} 116. Qg7+ {[%clk 00:00:32] [%emt 00:01:07]} Kd5
{[%clk 00:00:47] [%emt 00:00:51]} 117. Qd7+ {[%clk 00:00:45] [%emt 00:00:16]}
Ke4 {[%clk 00:01:09] [%emt 00:00:07]} 118. Qh7+ {[%clk 00:00:44] [%emt
00:00:32]} Kd4 {[%clk 00:01:33] [%emt 00:00:06]} 119. Kg3 {[%clk 00:00:48] [%emt
00:00:26]} f2+ {[%clk 00:01:26] [%emt 00:00:37]} 120. Kg2 {[%clk 00:01:16] [%emt
00:00:02]} Qe4+ {[%clk 00:01:43] [%emt 00:00:13]} 1/2-1/2

[Site "Europe Echecs"]